| 000 | 00727nam a2200181 a 4500 | ||
|---|---|---|---|
| 008 | 120416s1976 ||||||||||||||||| || u | ||
| 020 | _a0070373981 | ||
| 050 | _aTA 654 Lev | ||
| 100 | _aLevy, Samuel, 1912- | ||
| 245 | 1 | 4 | _aThe component element method in dynamics : with application to earthquake and vehicle engineering / |
| 260 |
_aNew York : _bMcGraw-Hill International Book Co _c1976 |
||
| 300 | _axiv, 363p. : ill. | ||
| 350 | _a0.00 | ||
| 650 | _aStructural dynamics - Data processing | ||
| 650 | 0 | _aFINITE ELEMENT METHOD | |
| 700 | _aWilkinson, John P. D | ||
| 995 |
_D0.00 _FCBU-MAIN LIBRARY (Kitwe) _H1 _I49.50 _M1 _UAVAILABLE _ZAnnex Low-Usage Collection |
||
| 999 |
_c38168 _d38168 |
||